Catálogo
 En Linea

Lengua española 0-11 : (Registro nro. 54672)

Detalles MARC
000 -CABECERA
campo de control de longitud fija 01972nam a2200337 i 4500
001 - NÚMERO DE CONTROL
campo de control 000017097
003 - IDENTIFICADOR DEL NÚMERO DE CONTROL
campo de control DO-SdBNP
005 - FECHA Y HORA DE LA ÚLTIMA TRANSACCIÓN
campo de control 20250306141955.0
007 - CAMPO FIJO DE DESCRIPCIÓN FÍSICA--INFORMACIÓN GENERAL
campo de control de longitud fija ta
008 - DATOS DE LONGITUD FIJA--INFORMACIÓN GENERAL
campo de control de longitud fija 100317s1969 dr ab r 000 0 spa d
040 ## - FUENTE DE LA CATALOGACIÓN
Centro catalogador/agencia de origen DO-SdBNP
Lengua de catalogación spa
Centro/agencia transcriptor BNPHU
Normas de descripción rda
082 ## - NÚMERO DE LA CLASIFICACIÓN DECIMAL DEWEY
Número de clasificación 460.07
Número de documento/Ítem D542L, 1969
Número de edición 22
100 1# - ENTRADA PRINCIPAL--NOMBRE DE PERSONA
Nombre de persona Díaz Castillo, Bienvenido
9 (RLIN) 22529
245 10 - MENCIÓN DE TÍTULO
Título Lengua española 0-11 :
Resto del título teoría y práctica /
Mención de responsabilidad, etc. Bienvenido Díaz Castillo.
260 ## - PUBLICACIÓN, DISTRIBUCIÓN, ETC.
Fecha de publicación, distribución, etc. 1979.
264 ## - PRODUCCIÓN, PUBLICACIÓN, DISTRIBUCIÓN, FABRICACIÓN Y COPYRIGHT
Producción, publicación, distribución, fabricación y copyright Santo Domingo :
Nombre del de productor, editor, distribuidor, fabricante Libreria Dominicana,
Fecha de producción, publicación, distribución, fabricación o copyright 1969
300 ## - DESCRIPCIÓN FÍSICA
Extensión 259 paginas. ;
Dimensiones 22 cm.
336 ## - TIPO DE CONTENIDO
Fuente rdacontent
Término de tipo de contenido texto
Código de tipo de contenido txt
337 ## - TIPO DE MEDIO
Fuente rdamedia
Nombre/término del tipo de medio sin mediación
Código del tipo de medio n
338 ## - TIPO DE SOPORTE
Fuente rdacarrier
Nombre/término del tipo de soporte volumen
Código del tipo de soporte nc
490 1# - MENCIÓN DE SERIE
Mención de serie Publicaciones del Economato Universitario
500 ## - NOTA GENERAL
Nota general Incluye datos biográficos del autor en la contracubierta.
504 ## - NOTA DE BIBLIOGRAFÍA, ETC.
Nota de bibliografía, etc. Bibliografía : p. 257-259.
505 ## - NOTA DE CONTENIDO CON FORMATO
Nota de contenido con formato Expresión oral y escrita 7 -- Breve historia del idioma español 9 -- Difusión del idioma español 14 -- Mapas sobre la difusión del idioma español 16 -- Idiomas modernos 20 -- El Español en Santo Domingo 25 -- Teoría y práctica de la ortografía dudosa 35 -- La frase 73 -- El sujeto 75 -- Orden sintáctico de la frase 83 -- La sintaxis 96 -- Sintaxis figurada 98 -- Los solecismos 108 -- Contorno del vocablo 115 -- Colocación del adjetivo 129 -- Lugar del verbo en la frase 132 -- El gerundio 141 -- La preposición 151 -- La conjunción 155 -- Etimología 157 -- La palabra. Sus clases 179 -- La sinonimia 191 -- Los barbarismos 199 -- Vocablos impropios 211 -- Los arcaísmos 215 -- Normas de redacción para la frase compuesta 221 -- El párrafo 237 -- Modelos de fichas para análisis literario 253
590 ## - NOTA LOCAL (RLIN)
Nota local Inventariado, 2023/DG
650 #4 - PUNTO DE ACCESO ADICIONAL DE MATERIA--TÉRMINO DE MATERIA
Término de materia o nombre geográfico como elemento de entrada Español
Subdivisión general Enseñanza
9 (RLIN) 406
710 1# - PUNTO DE ACCESO ADICIONAL--NOMBRE DE ENTIDAD CORPORATIVA
Nombre de entidad corporativa o nombre de jurisdicción como elemento de entrada Universidad Autónoma de Santo Domingo
Unidad subordinada Facultad de Humanidades.
-- Departamento de Letras
9 (RLIN) 72951
830 #0 - PUNTO DE ACCESO ADICIONAL DE SERIE-TÍTULO UNIFORME
Título uniforme Publicaciones del Economato Universitario
9 (RLIN) 36818
910 ## - DATOS DE OPCIÓN DEL USUARIO (OCLC)
Datos de opción del usuario DG
942 ## - ELEMENTOS DE PUNTO DE ACCESO ADICIONAL (KOHA)
Fuente del sistema de clasificación o colocación Dewey Decimal Classification
Tipo de ítem Koha Libro
Existencias
Estado de retiro Estado de pérdida Fuente del sistema de clasificación o colocación Restricciones de uso No para préstamo Código de colección Localización permanente Ubicación/localización actual Ubicación en estantería Fecha de adquisición Total de préstamos Signatura topográfica completa Código de barras Fecha visto por última vez Precio válido a partir de Tipo de ítem Koha
    Dewey Decimal Classification Excluido de préstamo   Patrimonio Dominicano Biblioteca Nacional Pedro Henríquez Ureña Biblioteca Nacional Pedro Henríquez Ureña En catalogación 11.09.2023   BNPHU PD 460.07 D542L, 1969 2023-5723 11.09.2023 11.09.2023 Libro

Con tecnología Koha